00642cam a2200217 a 45000010008000000030006000080050017000140080041000310100017000720200025000890400018001140500022001320820021001542450072001752600036002473000021002835000020003045040032003246500035003567000033003911897635GBCCL20241126110711.0841123s1984 ilu b 001 0 eng  a 84027329  a0802404960 :c$13.95 aDLCcDLCdDLC00aBV1488b.C46 198400a268.434219bCHR04aThe Christian education of adults /cedited by Gilbert A. Peterson. aChicago :bMoody Press,cc1984. a302 p. ;c24 cm. aIncludes index. aBibliography: p. [291]-297. 0aChristian education of adults.1 aPeterson, Gilbert A.,d1935-